Представление документа в формате MARC21

Поле Инд. ПП Название Значение
Тип записи a
Библиографический уровень m
001 Контрольный номер 1e0f5bcaba4343e6a4850f66c927ecb3
005 Дата корректировки 20260601111936.0
020 a ISBN 978-5-534-16956-0
080 a Индекс УДК 33(075.32)
097 b Оператор *Ж*
097 b Оператор *Мал*
100 1_ a Автор Синяева И.М.
245 00 a Заглавие Основы коммерческой деятельности
b Продолж. заглавия учебник для среднего профессионального образования
b Продолж. заглавия в составе учебно-методического комплекса
260 00 a Место издания Москва
b Издательство Юрайт
c Дата издания 2026
300 a Объем 394 с.
440 _0 a Серия Профессиональное образование
440 _0 a Серия УМК-У
516 8_ a Прим. о типе комп. файла/ данных Дата обращения 22.01.2026
a Прим. о типе комп. файла/ данных Текст : электронный
a Прим. о типе комп. файла/ данных Режим доступа: по подписке
520 0_ a Аннотация Содержание учебника отвечает самым современным требованиям нового образовательного стандарта. В издании раскрыты понятия коммерции, коммерческого маркетинга как комплексной системы, основанной на единстве внешнего и внутреннего маркетинга. Освещены концептуальные вопросы маркетинга в сфере коммерции. Исследованы вопросы внутрифирменного планирования. Представленные в учебнике теория и практика, опирающиеся на конкретные факты развития коммерции (маркетинга, интернет-продаж, сорсинга), призваны обеспечить знания существа этого сложного явления, неразрывно связанного с исследованием, рынка, выявления потребностей, созданием потребительской ценности продукта, формированием спроса, коммерче
535 1_ a Хранилище Образовательная платформа Юрайт
583 a Действие Приписка : УМК
653 0_ a Ключевые слова Коммерческая деятельность
a Ключевые слова Маркетинг
a Ключевые слова Материально-техническое обеспечение
a Ключевые слова Ассортимент
a Ключевые слова Сбыт продукции
a Ключевые слова Оптовая торговля
a Ключевые слова Розничная торговля
655 a Жанр/ форма (устаревшее) У
700 12 a Другие авторы Жильцова О.Н.
700 12 a Другие авторы Земляк С.В.
700 12 a Другие авторы Синяев В.В.
773 18 w Контрольный № источника 9b929dd0d24b464a8157108b9124e9cb
856 40 u URL https://urait.ru/bcode/584860
901 t Тип документа m
905 b Дата создания записи обработка 05.03.26
c Дата приписки 01.06.26
952 b Гриф литературы для ВШ Гриф УМО
a Тип литературы для КСУ ВШ У1
952 e Факультет *ФУСК*
990 c Приоритет заказа (DOS) *о*
f Даты поступлений (DOS) 24.02.26
g Размещение заказа (DOS) Образовательная платформа Юрайт
j Количество экземпляров (DOS) 1